| 000 | 00518nam a2200193 a 4500 | ||
|---|---|---|---|
| 005 | 20210223120659.0 | ||
| 008 | 991125s1985 es 000 0 spa u | ||
| 020 | _a8420511226 | ||
| 035 | _aUPN01000005363 | ||
| 049 | _aCG | ||
| 050 | 4 |
_aGV885 _bV3.3 |
|
| 100 | 1 | _aVázquez Rabaz, F. Santos | |
| 245 | 1 | 0 |
_aBaloncesto básico / _cF. Santos Vázquez Robaz. |
| 260 |
_aMadrid : _bAlhambra, _c1985. |
||
| 300 |
_aix, 207 p. : _bil. |
||
| 440 | 0 |
_aDeporte y sociedad ; _v5 |
|
| 650 | 4 |
_aBASKETBALL _92943 |
|
| 905 | _aLibro | ||
| 999 |
_c5363 _d5363 |
||